000
00304nam a2200133Ia 4500
005
20251222155044.0
008
251222s9999||||xx |||||||||||||| ||spa||
082
_a
EST. 29
100
_a
WAYNE W
245
0
_a
BioEstadÃstica 3era. Edición
250
_a
1ra. ed.
264
_b
Paraninfo
942
_c
LIB
999
_c
37022
_d
37022